Sports Quiz

Random Sports or Auto Racing Quiz

Nascar champions main sponsor Quiz Stats

 Plays Quiz not verified by Sporcle

Challenge
Share
Tweet
Embed
Score 0/30 Timer 05:00
0 Plays Today
champion sponsor % Correct
2008 Jimmie JohnsonLowes Home Improvement
98.7%
2007 Jimmie JohnsonLowes Home Improvement
98.7%
2006 Jimmie Johnson Lowes Home Improvement
98.7%
2005 Tony StewartHome Depot Home Improvement
97.1%
2002 Tony StewartHome Depot Home Improvement
95.8%
2001 Jeff GordonDuPont Automotive Refinishes
95.8%
1998 Jeff GordonDuPont Automotive Refinishes
94.5%
1997 Jeff GordonDuPont Automotive Refinishes
94.2%
1995 Jeff GordonDuPont Automotive Refinishes
93.8%
2009 Jimmie JohnsonLowes Home Improvement
90%
2003 Matt KensethDewalt Tools
89.3%
2000 Bobby LabonteInterstate Batteries
87%
1994 Dale EarnhardtGM Goodwrench
83.7%
1993 Dale EarnhardtGM Goodwrench
83.4%
1991 Dale EarnhardtGM Goodwrench
82%
champion sponsor % Correct
1990 Dale EarnhardtGM Goodwrench
81.6%
1986 Dale EarnhardtWrangler Jeans
76.2%
1987 Dale EarnhardtWrangler Jeans
76%
1996 Terry LabonteKelloggs Cereal
75.7%
1992 Alan KulwickiHooters Resteraunts
73.7%
2004 Kurt BuschSharpie Markers
72.8%
1980 Dale EarnhardtWrangler Jeans
62.8%
1988 Bill ElliottCoors
56.9%
1985 Darrell WaltripBudweiser
51.6%
1989 Rusty WallaceKodiak
49.8%
1999 Dale JarrettQuality Care
46.7%
1983 Bobby AllisonMiller High Life
46.2%
1981 Darrell WaltripMountain Dew
45.9%
1982 Darrell WaltripMountain Dew
45.6%
1984 Terry LabontePiedmont Airlines
30.9%

You're not logged in!

Compare scores with friends on all Sporcle quizzes.
OR
Log In

You Might Also Like...

Show Comments

Extras

Top Quizzes Today


Score Distribution

Your Account Isn't Verified!

In order to create a playlist on Sporcle, you need to verify the email address you used during registration. Go to your Sporcle Settings to finish the process.

Report this User

Report this user for behavior that violates our Community Guidelines.

Details: